Statistics for Имена историјских личности #2

Click here to take the quiz!

General Stats

  • This quiz has been taken 137 times
  • The average score is 14 of 30

Answer Stats

ИмеПрезиме% Correct
ПаблоПикасо
96%
Васкода Гама
89%
ТомасЕдисон
84%
МаријаКири
82%
ЈоханБах
75%
МилошЦрњански
73%
КокоШанел
72%
Онореде Балзак
68%
КарлМаркс
65%
БенџаминФренклин
60%
ЛујПастер
57%
АлфредНобел
57%
Мигелде Сервантес
54%
ФјодорДостојевски
53%
ЕмилЗола
53%
АмеригоВеспучи
53%
МустафаАтатурк
44%
РичардНиксон
42%
ПјерКири
39%
НиколоМакијавели
37%
ХариХудини
28%
МарселПруст
23%
АмелијаЕрхарт
21%
МаксимилијанРобеспјер
18%
ДениДидро
18%
ЕваПерон
18%
ЛеонардОјлер
15%
ХуанПерон
13%
ЧарлсЛиндберг
13%
ВернерХајзенберг
4%

Score Distribution

Percentile by Number Answered

Percent of People with Each Score

Your Score History

You have not taken this quiz